000 00360nam a2200133Ia 4500
008 240624s9999 xx 000 0 und d
041 _aeng
082 _a174.4 JOH
100 _aJOHNSON LARRY
245 _aABSOLUTE HONESTY BUILDING A CORPORATE CI
260 _c2007
_aNew Delhi
_bPrentice-Hall of India
300 _aix, : 292 : p. : cm. ; 23
365 _cRS
_b36
999 _c7871
_d7871